banner-ar

البرامج الانتخابية للاحزاب والتنظيمات السياسية فى الجمهورية اليمنية - دراسة مقارنة / (Record no. 30547)

MARC details
000 -الفاتح
حقل البيانات ثابتة الطول 00789nam a2200229Ia 4500
008 - عناصر البيانات ثابتة الطول - معلومات عامة
حقل البيانات ثابتة الطول 140319s9999 xx 000 0 ara d
040 ## - مصدر الفهرسة
وكالة الفهرسة الأصلية GCL /
وكالة النسخ GCL
082 04 - رقم تصنيف ديوى العشرى
رقم التصنيف 324.532
رقم المادة ر ب
100 1# - المدخل الرئيسى - إسم شخصى
الإسم الشخصى رشاد محمد العليمى
245 10 - بيان العنوان
العنوان البرامج الانتخابية للاحزاب والتنظيمات السياسية فى الجمهورية اليمنية - دراسة مقارنة /
بيان المسئوليه,etc رشاد محمد العليمى
700 1# - المدخل الاضافى - اسم شخصى
الإسم الشخصى احمد على البشارى
260 ## - PUBLICATION, DISTRIBUTION, ETC. (IMPRINT)
تاريخ النشر أو التوزيع 1993
300 ## - الوصف المادى
التعداد 197 ص
490 ## - بيان السلسلة
عنوان السلسلة
650 04 - المدخل الاضافى بالموضوع-مصطلح موضوعى
مصطلح موضوعي العصر الحديث
650 04 - المدخل الاضافى بالموضوع-مصطلح موضوعى
مصطلح موضوعي تاريخ
650 04 - المدخل الاضافى بالموضوع-مصطلح موضوعى
مصطلح موضوعي اليمن
650 04 - المدخل الاضافى بالموضوع-مصطلح موضوعى
مصطلح موضوعي الانتخابات
650 04 - المدخل الاضافى بالموضوع-مصطلح موضوعى
مصطلح موضوعي الاحزاب السياسية
942 ## - عناصر المدخل الإضافي( كوها)
مصدر التصنيف او مخطط الترفيف Dewey Decimal Classification
Koha [default] item type كتاب
260 ## - PUBLICATION, DISTRIBUTION, ETC. (IMPRINT)
-- [S.N] :
-- مجلة الثوابت ،
Holdings
حالة التراجع حالة الفقد حالة تلف ليس للاعارة المكان المؤقت الموقع الحالى تاريخ الاكتساب اجمالي اﻻعارات رقم الطلب الباركود تاريخ اخر مشاهدة تاريخ تفعيل السعر نوع وعاء كوها
        مكتبة القاهرة الكبرى مكتبة القاهرة الكبرى 03/26/2014   324.532\ر ب 71221 03/26/2014 03/26/2014 كتاب

Powered By

EGPV